Statistiche per Capitali del mondo più vicino a Bangkok

Clicka qui per fare il quiz!

Statistiche generali

  • Questo quiz è stato fatto 27 volte
  • Il punteggio medio è 12 su 21

Risposte nella Mappa

Le risposte nella mappa del quiz sottostante sono codificate secondo una scala di colori dal rosso al verde in base alla % di persone che hanno risposto correttamente.
 

Statistiche sulle risposte

kmcapitale% Corretto
990Hanoi
92%
3296Beijing
88%
2912Nuova Delhi
84%
2325Giacarta
80%
3722Seul
76%
1532Dacca
72%
1431Singapore
72%
2204Kathmandu
64%
1187Kuala Lumpur
64%
2214Manila
64%
521Vientiane
64%
3542Islamabad
56%
3743Pyongyang
56%
2543Taipei
52%
3140Malé
48%
2373Colombo
36%
813Naypyidaw
36%
1866Bandar Seri
Begawan
32%
3717Dili
32%
541Phnom Penh
32%
1893Thimphu
28%

Distribuzione punteggi

Percentile per numero di risposta

Percentuale di utenti per punteggio

I tuoi punteggi nel tempo

Non hai fatto questo quiz